Statistics for Billie Eilish Discography

Click here to take the quiz!

General Stats

  • This quiz has been taken 289 times
    (263 since last reset)
  • The average score is 18 of 22

Answer Stats

AlbumSong% Correct
WHEN WE ALL FALL ASLEEP, WHERE DO WE GO?bad guy
97%
WHEN WE ALL FALL ASLEEP, WHERE DO WE GO?i love you
90%
dont smile at meocean eyes
89%
WHEN WE ALL FALL ASLEEP, WHERE DO WE GO?bury a friend
88%
dont smile at meCOPYCAT
86%
WHEN WE ALL FALL ASLEEP, WHERE DO WE GO?ilomilo
86%
WHEN WE ALL FALL ASLEEP, WHERE DO WE GO?xanny
85%
dont smile at mebellyache
85%
WHEN WE ALL FALL ASLEEP, WHERE DO WE GO?8
84%
WHEN WE ALL FALL ASLEEP, WHERE DO WE GO?all the good girls go to hell
84%
WHEN WE ALL FALL ASLEEP, WHERE DO WE GO?you should see me in a crown
84%
WHEN WE ALL FALL ASLEEP, WHERE DO WE GO?goodbye
84%
dont smile at meidontwannabeyouanymore
84%
WHEN WE ALL FALL ASLEEP, WHERE DO WE GO?wish you were gay
82%
WHEN WE ALL FALL ASLEEP, WHERE DO WE GO?when the party's over
82%
dont smile at mewatch
80%
WHEN WE ALL FALL ASLEEP, WHERE DO WE GO?my strange addiction
78%
WHEN WE ALL FALL ASLEEP, WHERE DO WE GO?listen before i go
78%
dont smile at memy boy
77%
dont smile at mehostage
73%
dont smile at me&burn
72%
dont smile at meparty favor
70%

Score Distribution

Percentile by Number Answered

Percent of People with Each Score

Your Score History

You have not taken this quiz since the last reset